00653nam a2200241Ia 450000500170000000800460001702000180006303700100008104000080009104000080009904000080010704100080011504100080012308400080013124500450013926000100018426000090019465000290020385600570023294200100028999900210029995200910032020260330155105.0008 300114s9999 xx 000 0 eng d a9788126594139 aEBOOK aCRL beng cCRL 2eng aeng qCRL 0aConvergence of Probability Measures, 2ed bWiley c2020 aMathematics & Statistics uhttps://ebooks.wileyindia.com/product-details/281999 cEBOOK c1843821d1843821 00104070aCRLbCRLd2026-03-30l0pCL2135619r2026-03-30 15:51:05w2026-03-30yEBOOK